Varieties of Hops Used in Beer Quiz Stats

 Plays Quiz not verified by Sporcle

Score 0/68 Timer 10:00
0 Plays Today
Type Hop Variety % Correct
AmericanCascade
82.1%
AmericanChinook
65%
AmericanCitra
63.2%
AmericanCentennial
62.4%
NobleSaaz
62.4%
AmericanAmarillo
59.8%
AmericanSimcoe
59.8%
EnglishGoldings
55.6%
EnglishFuggles
53.8%
NobleHallertau
47%
AmericanColumbus
41.9%
Australian / New ZealandGalaxy
39.3%
AmericanZeus
34.2%
Australian / New ZealandNelson Sauvin
33.3%
AmericanNugget
31.6%
AmericanWillamette
31.6%
AmericanWarrior
30.8%
AmericanTomahawk
25.6%
EnglishNorthern Brewer
24.8%
NobleTettnang
24.8%
EuropeanMagnum
22.2%
AmericanMount Hood
18.8%
AmericanCluster
17.9%
EuropeanStyrian Goldings
17.9%
EnglishChallenger
17.1%
EuropeanSpalt
17.1%
EuropeanPerle
16.2%
AmericanLiberty
14.5%
AmericanSummit
14.5%
AmericanApollo
13.7%
AmericanCrystal
13.7%
AmericanGlacier
12.8%
NobleHersbrucker
12.8%
EnglishBrewer's Gold
12%
Type Hop Variety % Correct
AmericanAhtanum
11.1%
AmericanGalena
11.1%
AmericanSterling
11.1%
EnglishTarget
10.3%
Australian / New ZealandPacific Gem
8.5%
AmericanPalisade
7.7%
EnglishBullion
7.7%
AmericanMillennium
6.8%
EnglishAdmiral
6.8%
EnglishNorthdown
6.8%
Australian / New ZealandPride of Ringwood
6.8%
EuropeanTradition
6.8%
AmericanEroica
6%
AmericanHorizon
6%
EnglishFirst Gold
6%
AmericanMount Rainier
5.1%
AmericanSantiam
5.1%
AmericanUltra
5.1%
EuropeanSaphir
5.1%
EuropeanStrisselspalt
5.1%
AmericanNewport
4.3%
AmericanVanguard
4.3%
EnglishHerald
4.3%
EnglishPhoenix
4.3%
EnglishPioneer
4.3%
EuropeanSatus
4.3%
EnglishProgress
3.4%
EuropeanSelect
2.6%
EuropeanLublin
1.7%
AmericanGreenburg
0.9%
EuropeanPolnischer Lublin
0.9%
EuropeanTardif de Bourgogne
0.9%
EnglishPilot
0%
Australian / New ZealandFeux-Coeur Francais
0%

You're not logged in!

Compare scores with friends on all Sporcle quizzes.
OR
Log In

Show Comments

Extras

Created Oct 23, 2010ReportNominate
Tags:beer, Beer Ingredients

Top Quizzes Today


Score Distribution

Your Account Isn't Verified!

In order to create a playlist on Sporcle, you need to verify the email address you used during registration. Go to your Sporcle Settings to finish the process.

Report this User

Report this user for behavior that violates our Community Guidelines.

Details: